| 000 | 00679nam a2200229 a 4500 | ||
|---|---|---|---|
| 001 | 31907 | ||
| 003 | BD-RjUL | ||
| 005 | 20211209051750.0 | ||
| 008 | 181223s1926 ii a s001 0ceng | ||
| 035 | _a(BD-RjUL)31995 | ||
| 040 |
_aDLC _cDLC _beng _dBD-RjUL |
||
| 041 | _aeng | ||
| 082 |
_223 _a297.63 _bSAE 1926 |
||
| 100 | 1 |
_aSalik, S. A. _q(Saiyed Abdus) _9226342 |
|
| 245 | 1 | 4 |
_aThe early heroes of Islam / _cby S.A. Salik. _h |
| 260 |
_aCalcutta : _bUniversity of Calcutta, _c1926. |
||
| 300 |
_axiv, 514 p. ; _c21 cm. |
||
| 500 | _aIncludes index. | ||
| 650 | 0 |
_aMuslims _zSaudi Arabia _xBiography. _9226343 |
|
| 651 | 0 |
_aIslamic Empire _xHistory. _9226344 |
|
| 942 |
_2ddc _cRAR |
||
| 999 |
_c31907 _d31907 |
||